ZKP protected Wi-Fi authentication & communication (Record no. 6086)

MARC details
000 -LEADER
fixed length control field 02682nam a22002057a 4500
003 - CONTROL NUMBER IDENTIFIER
control field OSt
005 - DATE AND TIME OF LATEST TRANSACTION
control field 20220107122839.0
008 - FIXED-LENGTH DATA ELEMENTS--GENERAL INFORMATION
fixed length control field 180529b xxu||||| |||| 00| 0 eng d
040 ## - CATALOGING SOURCE
Transcribing agency IIITMK
100 ## - MAIN ENTRY--PERSONAL NAME
Personal name Athira M O (93616008)
9 (RLIN) 14189
245 ## - TITLE STATEMENT
Title ZKP protected Wi-Fi authentication & communication
300 ## - PHYSICAL DESCRIPTION
Extent MSC CS 2016-2018
500 ## - GENERAL NOTE
General note There has been an increase in the number of wireless devices being opted to carry out illicit<br/>cybercriminal activities such as system hacking, data forging, financial information threat,<br/>malicious attacks etc. Undoubtedly it causes a large amount of loss and therefore it is of paramount<br/>importance to improve the wireless communication security in order to fight back and secure the<br/>use of wireless networks. Our System provides an alternative login system that utilizes a challenge-<br/>response model based on zero knowledge proofs. Zero knowledge authentication schemes explore<br/>the use of zero knowledge interactive proofs as an alternative model for user authentication. There<br/>are several potential weaknesses of the current canonical model of wifi authentication, and zero<br/>knowledge authentication schemes solve some of these problems . The Zero-Knowledge Proof is<br/>a concept used in many cryptography systems. It allows a party to prove that he/she knows<br/>something (i.e. credential), without having to send over the value of the credential. ”ZKP Protected<br/>Wi-Fi Authentication and Communication” will be used to prove the password of the user without<br/>sending actual password.. The purpose of the implementation is to make confidential and secure<br/>authentication. The system also allows for no password hashes to be stored on the server. This<br/>system aims to implement this Zero knowledge proof features in a Wi-Fi to increase its security<br/>level. The importance of Cryptography in protecting the confidentiality of data transmission does<br/>improves the achievable communication security level along with the incorporation of multiple<br/>authentication approaches but still it needs to be enhanced. Thus, for user authentication, validation<br/>and data transfer Zero Knowledge Proof acts as a self-authenticated interactive protocol. ZKP<br/>eliminates the use of secure service infrastructures such as symmetric or asymmetric key<br/>encryption mechanisms also the central authority based authentication protocols. It proves to help<br/>mitigate the possible attacks while re-authentication and network service sharing.
502 ## - DISSERTATION NOTE
Degree type MSC CS
Name of granting institution 2016-2018
Year degree granted INT
-- Dr. Elizabeth Sherly
650 ## - SUBJECT ADDED ENTRY--TOPICAL TERM
Topical term or geographic name entry element ZKP
9 (RLIN) 14190
650 ## - SUBJECT ADDED ENTRY--TOPICAL TERM
Topical term or geographic name entry element WIRELESS COMMUNICATION
9 (RLIN) 14191
650 ## - SUBJECT ADDED ENTRY--TOPICAL TERM
Topical term or geographic name entry element WI-FI AUTHENTICATION
9 (RLIN) 14192
650 ## - SUBJECT ADDED ENTRY--TOPICAL TERM
Topical term or geographic name entry element DATA TRANSMISSION
9 (RLIN) 14193
942 ## - ADDED ENTRY ELEMENTS (KOHA)
Source of classification or shelving scheme Dewey Decimal Classification
Koha item type
Holdings
Withdrawn status Lost status Source of classification or shelving scheme Damaged status Not for loan Collection code Home library Current library Shelving location Date acquired Total Checkouts Barcode Date last seen Price effective from Koha item type
    Dewey Decimal Classification     Non Fiction IIITM-K Kerala University of Digital Sciences, Innovation and Technology Knowledge Centre   29/05/2018   R-1382 29/05/2018 29/05/2018 Project Reports